The Road Ahead (Record no. 4306)

MARC details
000 -LEADER
fixed length control field 00322nam a22001337a 4500
008 - FIXED-LENGTH DATA ELEMENTS--GENERAL INFORMATION
fixed length control field 250716b |||||||| |||| 00| 0 eng d
020 ## - INTERNATIONAL STANDARD BOOK NUMBER
ISBN 0670772895
100 ## - MAIN ENTRY--AUTHOR
Author MYHRYOLD Nathan
245 ## - TITLE STATEMENT
Title The Road Ahead
260 ## - PUBLICATION, DISTRIBUTION, ETC. (IMPRINT)
Place of publication United States
Name of publisher William H Gates
Date of publication 1995
300 ## - COLLATION
Pagination xiv, 286p.
942 ## - ADDED ENTRY ELEMENTS (KOHA)
Item type Books
050 ## - LIBRARY OF CONGRESS CALL NUMBER
Classification number HD75
Item number .G38
Holdings
Source of classification or shelving scheme Not for loan Permanent location Current location Date acquired Accession No. Full call number Barcode. Koha item type
Library of Congress Classification   Samuel Ogbemudia Main Library, University of Abuja Samuel Ogbemudia Main Library, University of Abuja 07/16/2025 2006/29394 HD75.G38 2025-3074 Books